Capitals by Country - Oceania - Statistics

General Stats
  • This quiz has been taken 22 times
  • The average score is 13 of 14
Answer Stats
Countries Capitals % Correct
Australia Canberra
100%
Fiji Suva
100%
Marshall Islands Majuro
93%
Palau Ngerulmud
93%
F.S. Micronesia Palikir
93%
Papua NewGuinea Port Moresby
93%
Vanuatu Port Vila
93%
Kiribati South Tarawa
93%
New Zealand Wellington
93%
Samoa Apia
86%
Tuvalu Funafuti
86%
Solomon Islands Honiara
86%
Nauru Yaren
79%
Tonga Nuku'alofa
71%
No matching quizzes found
Score Distribution
Percent of People with Each Score
Percentile by Number Answered
Your Score History
You have not taken this quiz